000 00648nam a22002297a 4500
003 UA-OsUOA
001 11353
007 ta
008 20050317b un ||||| |||| 00| 0 ukr d
100 _aДоманчук Д.
700 _aЛучик С.
700 _aЧикуркова А.
942 _cSA
040 _aUA-OsUOA
_bukr
_cUA-OsUOA
_dUA-OsUOA
245 _aАграрні соціально-трудові відносини
300 _aС.48-49
955 _a0
041 _aukr
044 _aUA
773 0 _w0
_tУкраїна: аспекти праці
_dК.
_d2005
_gN1
650 7 _aАгропромисловий комплекс
_2UDC
999 _c297514
_d297514